[Event "27th 4NCL Congress Open 2022"]
[Site "Harrogate"]
[Date "2022.01.23"]
[Round "5.17"]
[White "Hepworth, Peter"]
[Black "McKay, Jonathan"]
[Result "0-1"]
[WhiteElo "2007"]
[BlackElo "1832"]
[Annotator "TA"]
[PlyCount "96"]
[EventDate "2022.01.21"]
[EventType "swiss"]
[EventCountry "ENG"]
[SourceTitle "playchess.com"]
[Source "ChessBase"]
[SourceQuality "1"]

{[%evp 15,96,-3,0,0,25,11,16,17,17,18,17,12,33,37,16,19,56,58,49,0,0,4,5,16,8,0,5,-59,-59,-55,-39,-143,-109,-94,-96,-79,-94,-143,-72,-81,-71,-72,0,-172,-151,-173,-222,-205,-205,-222,-209,-388,-347,-5589,-5577,-2546,-2408,-1257,-724,-2488,-2464,-6710,-6694,-29994,-29989,-1838,-872,-870,-860,-837,-830,-29993,-29994,-29994,-29995,-29996,-29995,-29996,-29994,-29996,-29994,-29995,-29996]} 1. Nf3 Nf6 2. d4 g6 3. e3 Bg7 4. Be2 O-O 5. O-O d6 6. b3 c5 7. Bb2 b6 8. Nbd2 Bb7 9. c4 {A48: 1 d4 Nf6 2 Nf3 g6: Torre, London and Colle Systems.} Ne4 10. Qc2 Nxd2 11. Nxd2 {The position is equal.} Nd7 12. Bf3 Qc7 {[#]} 13. Rac1 $146 ({Predecessor:} 13. Bxb7 Qxb7 14. d5 Bxb2 15. Qxb2 b5 16. Qc3 Rab8 17. Rab1 Qa6 18. cxb5 Rxb5 19. a4 {0-1 (37) Kharbouch,M (2218)-Mitrabha,G (2467) Europe Echecs INT 2021}) 13... Rac8 14. Bxb7 Qxb7 15. d5 b5 16. Bxg7 Kxg7 17. f4 (17. e4 $14) 17... bxc4 $11 18. bxc4 Rb8 19. Qc3+ Kg8 20. Qd3 Qa6 21. Rc3 (21. Rc2 $11) 21... Rb2 $15 ({Don't play} 21... Qxa2 22. Ra3 Qb2 23. Rfa1 $11 (23. Rxa7 Rb7 $11)) 22. a3 Rfb8 23. Nf3 (23. Rfc1 $15) 23... Ra2 {aiming for ...Rbb2.} 24. Rf2 Rxf2 25. Kxf2 Rb2+ 26. Kg3 (26. Kg1 $142) 26... Nf6 ({Black should try} 26... Qa4 $1 27. h3 h6) 27. h3 $17 Qb7 {[%cal Oe7e5] Inhibits Rb3. White must now prevent ...e5! Black is more active.} 28. Kh2 a5 ({Black should play} 28... Qb6 $17) 29. e4 $2 {White is now going downhill.} (29. Nd2 $1 $11) 29... Nh5 30. Qe3 {[#]} a4 $1 31. Nd2 {[#]} Ra2 $1 {[%cal Bb2a2,Ba2a1,Ba1g1,Bg1g2,Bg2d2][%mdl 32]} 32. Rd3 Qb2 {...Qc2 is the strong threat.} 33. g3 $2 (33. g4 Ng7 34. Kg3) 33... Qc1 34. Kg2 $2 (34. g4 Nxf4 35. Qxf4) 34... Ra1 $19 35. Kf3 Qh1+ 36. Kg4 Rg1 {Threatens to win with ...Qh2.} 37. Qf2 Rg2 38. Qf1 Qh2 {[%csl LRd2,LRg3]} 39. Kh4 Rxd2 40. Rf3 Qe2 41. g4 Nf6 {Strongly threatening ...Qh2.} 42. e5 dxe5 {( -> ...Qh2)} 43. fxe5 Qxe5 {[%csl Ge5][%cal Rg6g5] Black mates.} 44. Rf5 gxf5 45. d6 fxg4 46. dxe7 Qxe7 47. Qf5 Ne4+ 48. Kh5 Ng3+ {Weighted Error Value: White=0.80/Black=0.34} 0-1

[Event "27th 4NCL Congress Open 2022"]
[Site "Harrogate"]
[Date "2022.01.23"]
[Round "5.18"]
[White "Waterfield, Mark"]
[Black "Stokes, Michael"]
[Result "1/2-1/2"]
[WhiteElo "1724"]
[BlackElo "2071"]
[Annotator "TA"]
[PlyCount "113"]
[EventDate "2022.01.21"]
[EventType "swiss"]
[EventCountry "ENG"]
[SourceTitle "playchess.com"]
[Source "ChessBase"]
[SourceQuality "1"]

{[%evp 16,113,0,-10,20,22,18,27,34,30,55,-10,-15,-89,-89,-191,-120,-133,-133,-141,-99,-108,-112,-104,-83,-130,0,0,0,0,0,7,0,0,-4,-39,-42,-34,0,-25,0,-37,0,0,17,20,21,9,6,-5,57,-16,0,0,0,-24,-13,-95,-88,-100,-81,-74,-70,-100,-77,-97,-85,-108,-97,-93,-96,-100,-83,-122,-19,-8,113,24,40,0,0,0,0,0,0,0,0,-33,0,0,0,0,0,0,0,0,0,0,0,0]} 1. e4 e5 {[%cal Be7e5,Be5d4][%mdl 32]} 2. Nf3 Nc6 3. d4 exd4 4. Bc4 Be7 5. O-O d6 6. h3 Nf6 7. Re1 O-O 8. Nxd4 Nxd4 9. Qxd4 c6 {C55: Two Knights: 4 d3, 4 d4 exd4 5 e5 and Max Lange Attack.} 10. Nc3 b5 11. Bf1 {[#]} Be6 $146 {White has an edge.} ({Predecessor:} 11... Nd7 12. a4 bxa4 13. Nxa4 Bb7 14. Bf4 d5 15. exd5 cxd5 16. Bc7 Bf6 17. Bxd8 Bxd4 {1-0 (38) Manske,K (2038)-Podolskiy,A (1780) Mecklenburg VP 2005}) 12. Bf4 a6 13. Nd1 (13. Rad1 $14) 13... d5 {[%cal Bd6d5,Bd5d4][%mdl 32]} 14. e5 (14. exd5 $1 $11 c5 15. Qd2 Nxd5 16. a4) 14... Ne4 $17 15. b4 (15. Rxe4 $17 dxe4 16. Qxe4) 15... c5 (15... a5 $19 16. Bd3 Bxb4 17. Rxe4 dxe4 18. Qxe4 g6) 16. bxc5 Bxc5 17. Qb2 Qb6 (17... f5 $142 {Hoping for ...g5.} 18. Bd3 Rb8) 18. Be3 d4 19. Bf4 Nc3 20. Bg3 ({White should try} 20. Bd3) 20... a5 (20... Rac8 $17 21. Bd3 Na4) 21. Nxc3 $11 dxc3 22. Qxb5 Qxb5 23. Bxb5 Ba3 24. Rad1 (24. Bc6 $5 {[%cal Rc6a8]}) 24... Rab8 25. Ba4 Rb2 26. Ra1 Bxa2 27. Bf4 Bb4 28. Bc1 Bc4 29. f4 Ra2 30. Rxa2 Bxa2 31. f5 Rd8 32. Bg5 Rd5 ({Black should play} 32... Rd4 $11 33. Be3 Rd5) 33. Bh4 (33. Bc6 $14 Rc5 34. Bd7) 33... Rd4 34. Bf2 Rd2 35. e6 {And now e7 would win.} (35. Be3 $5 {[%cal Re3d2]}) 35... Kf8 36. Bb6 (36. Be3 $11 fxe6 37. fxe6) 36... fxe6 37. fxe6 Ke7 38. Be3 {aiming for Bg5+.} Rd5 {Prevents Bg5+.} ({Much worse is} 38... Bxe6 $6 39. Bg5+ Kf7 40. Rf1+ Kg6 41. Bxd2 cxd2 42. Kf2 $15) 39. Bf4 Rf5 40. Bg3 g5 (40... Bxe6 $2 41. Bb3 Bc5+ 42. Kh1 $16) 41. Bd7 Bc4 42. h4 h6 43. hxg5 hxg5 44. Bc7 {[%cal Oc7d8]} Bc5+ ({Better is} 44... Rd5 $1 $17 {White must now prevent ...Rd2.} 45. Ba4 Bb5 46. Bxb5 Rxb5) 45. Kh2 {[%cal Oc7d8]} g4 {[#]} (45... Rf2 $11 {keeps the balance.} 46. Re5 Bb4 47. Rxg5 Bxe6) 46. Kg3 (46. Bd8+ $1 $16 {[%mdl 512]} Kxd8 47. e7+ Bxe7 48. Bxf5) 46... Rf8 {...Bf2+ is the strong threat.} 47. Bf4 (47. Re4 {with more complications.} Ba2 48. Bf4 Rg8 49. Re5 Bd4 50. Rxa5 Bxe6 51. Bb5) 47... Bf2+ 48. Kxf2 Rxf4+ {[%mdl 4096] Endgame KRB-KRB} 49. Kg3 Rd4 50. Re5 Bd5 51. Re3 Rd2 (51... a4 $5 {[%cal Ra4a3]} 52. Rxc3 Bxe6 $17) 52. Rxc3 {The position is equal.} Rxg2+ 53. Kf4 Bf3 54. Rc5 Rd2 55. Rxa5 Rxc2 56. Rg5 Rc4+ 57. Kg3 {Whites escaped into a draw.  Weighted Error Value: White=0.23 (precise) /Black=0.27 (precise)} 1/2-1/2

[Event "27th 4NCL Congress Open 2022"]
[Site "Harrogate"]
[Date "2022.01.23"]
[Round "5.19"]
[White "De Sousa Muachikape, Jael"]
[Black "Coates, Sam"]
[Result "0-1"]
[WhiteElo "1841"]
[BlackElo "1689"]
[Annotator "NA RC"]
[PlyCount "108"]
[EventDate "2022.01.21"]
[EventType "swiss"]
[EventCountry "ENG"]
[SourceTitle "playchess.com"]
[Source "ChessBase"]
[SourceQuality "1"]
[TimeControl "5400+30"]

1. d4 {[%emt 0:00:02]} d5 {[%emt 0:01:12]} 2. c4 {[%emt 0:00:05]} e6 {[%emt 0:00:20]} 3. Nc3 {[%emt 0:00:12]} Nf6 {[%emt 0:00:26]} 4. Nf3 {[%emt 0:00:18]} Nbd7 {[%emt 0:00:43]} 5. Bf4 {[%emt 0:00:09]} dxc4 {[%emt 0:00:32]} 6. e3 {[%emt 0:00:42]} Nb6 {[%emt 0:00:13]} 7. Ne5 {[%emt 0:01:00]} Be7 {[%emt 0:04:15]} 8. Nxc4 {[%emt 0:00:39]} O-O {[%emt 0:02:17]} 9. Bd3 {[%emt 0:01:00]} Nxc4 {[%emt 0:03:12]} 10. Bxc4 {[%emt 0:00:19]} a6 {[%emt 0:02:36]} 11. a4 {[%emt 0:02:14]} c5 {[%emt 0:02:29]} 12. dxc5 {[%emt 0:00:16]} Bxc5 {[%emt 0:03:10]} 13. Qc2 {[%emt 0:08:28]} Qe7 {[%emt 0:01:46]} 14. h3 {[%emt 0:06:58]} h6 {[%emt 0:02:17]} 15. Be5 {[%emt 0:09:46]} Bd7 {[%emt 0:04:34]} 16. Ba2 {[%emt 0:00:20]} Bc6 {[%emt 0:03:27]} 17. O-O {[%emt 0:01:32]} Ba7 {[%emt 0:02:10]} 18. Bb1 {[%emt 0:01:23]} g6 {[%emt 0:00:35]} 19. Rd1 {[%emt 0:06:26]} Rfd8 {[%emt 0:00:59]} 20. Ba2 {[%emt 0:00:19] [#]} (20. Qb3 $11 {keeps the balance.}) 20... Rac8 {[%emt 0:02:56]} ({Better is} 20... Nh5 $1 $17 21. Ne4 Qh4) 21. Rxd8+ {[%emt 0:00:43]} Rxd8 {[%emt 0:00:27]} 22. Rd1 {[%emt 0:00:18]} Bb6 {[%emt 0:03:33]} 23. b4 {[%emt 0:04:01]} Nd7 {[%emt 0:16:50]} ({Better is} 23... Rxd1+ $11 24. Qxd1 Nd7) 24. Bd6 {[%emt 0:00:29]} (24. Bf4 $1 $14 {is superior.} Rc8 25. Qb2 (25. Bxh6 Kh7 $11)) 24... Qg5 {[%emt 0:00:21]} 25. e4 {[%emt 0:01:23]} Ne5 {[%emt 0:02:45]} 26. Qe2 {[%emt 0:09:48]} (26. Kh1 $15) 26... h5 {[%emt 0:13:18]} ({Black should play} 26... Qg3 $19 27. b5 Qxc3 28. Bxe5 Rxd1+ 29. Qxd1 Qxe5 30. bxc6 Qb2 31. cxb7 Bxf2+ 32. Kh1 Qxb7) 27. Bb3 {[%emt 0:11:53]} Kh7 {[%emt 0:00:54]} 28. b5 {[%emt 0:02:34]} axb5 {[%emt 0:01:12]} 29. axb5 {[%emt 0:00:07]} Be8 {[%emt 0:01:53]} 30. h4 {[%emt 0:05:34]} Qf6 {[%emt 0:01:56]} 31. Na4 {[%emt 0:00:10] [#]} Ba5 {[%emt 0:01:40]} ({Don't go for} 31... Bxb5 $2 32. Bxe5 Rxd1+ 33. Bxd1 $17) (31... Rxd6 $142 $1 {[%mdl 512]} 32. Rxd6 {[#]} Bxb5 $1) 32. Nc5 {[%emt 0:05:12] [#]} b6 $2 {[%emt 0:01:26]} ({Black should play} 32... Rxd6 $1 $19 {[%mdl 512]} 33. Rxd6 Bb4 34. Nxb7 Ng4) 33. Nb7 {[%emt 0:00:32]} Ra8 {[%emt 0:00:38]} 34. Rc1 {[%emt 0:01:16]} Ng4 {[%emt 0:03:08]} 35. Bg3 $1 {[%emt 0:00:59]} ({Don't play} 35. Nxa5 Rxa5 36. Bg3 Rxb5 $15) 35... Bc3 {[%emt 0:02:16]} 36. Nd6 {[%emt 0:04:27]} Be5 {[%emt 0:01:04]} 37. Nxe8 {[%emt 0:02:04]} Rxe8 {[%emt 0:00:13]} 38. Qf3 {[%emt 0:02:29]} (38. Bxe5 $142 Qxe5 39. g3) 38... Qe7 {[%emt 0:01:17]} ({Better is} 38... Bxg3 $19 39. Qxf6 Nxf6 40. fxg3 Nxe4) 39. Bxe5 $1 {[%emt 0:02:25]} Nxe5 {[%emt 0:00:02]} 40. Qc3 {[%emt 0:02:53]} Qf6 {[%emt 0:02:18]} 41. f4 {[%emt 0:02:09]} Qxf4 {[%emt 0:00:41]} 42. Rf1 {[%emt 0:00:15]} Qxe4 {[%emt 0:02:01]} 43. Re1 {[%emt 0:00:54]} Qd3 {[%emt 0:00:33]} 44. Qxe5 {[%emt 0:00:47]} Qxb3 {[%emt 0:00:15]} 45. Rf1 {[%emt 0:01:15]} Kg8 {[%emt 0:02:19]} 46. Rf3 {[%emt 0:00:57]} Qd1+ {[%emt 0:01:02]} 47. Kh2 {[%emt 0:00:09]} Rd8 {[%emt 0:01:02]} 48. Qf6 {[%emt 0:01:37]} Qd6+ {[%emt 0:01:11]} 49. Kh3 {[%emt 0:00:09]} Qd7 {[%emt 0:00:59]} 50. Rg3 {[%emt 0:01:15]} e5+ {[%emt 0:01:42]} 51. Kh2 {[%emt 0:00:03]} Qd6 {[%emt 0:00:37]} 52. Qg5 $2 {[%emt 0:00:14]} (52. Rf3 e4+ 53. Qxd6 Rxd6 54. Rf2) 52... Kh7 {[%emt 0:00:49]} (52... e4 $142 53. Qc1 Qe5) 53. Rf3 $19 {[%emt 0:02:19]} e4+ {[%emt 0:01:48]} 54. Rf4 {[%emt 0:00:07]} f5 {[%emt 0:00:35]} 0-1

[Event "27th 4NCL Congress Open 2022"]
[Site "Harrogate"]
[Date "2022.01.23"]
[Round "5.20"]
[White "Faulkner, Martin J"]
[Black "Wynarczyk, Raymond"]
[Result "1-0"]
[WhiteElo "1833"]
[BlackElo "1752"]
[Annotator "NA RC"]
[PlyCount "95"]
[EventDate "2022.01.21"]
[EventType "swiss"]
[EventCountry "ENG"]
[SourceTitle "playchess.com"]
[Source "ChessBase"]
[SourceQuality "1"]
[TimeControl "5400+30"]

{[%evp 17,82,31,114,32767,32767,116,114,32767,149,146,160,167,171,100,117,120,126,89,93,102,105,113,32767,122,32767,97,32767,32767,32767,32767,32767,32767,32767,32767,32767,146,129,132,153,32767,32767,142,150,115,132,126,147,122,147,21,194,202,191,32767,32767,32767,32767,32767,237,32767,332,458,32767,32767,32767,678,741]} 1. c4 {[%emt 0:00:03]} e6 {[%emt 0:00:08]} 2. Nc3 {[%emt 0:00:13]} d5 {[%emt 0:00:19]} 3. d4 {[%emt 0:00:07]} Nf6 {[%emt 0:00:07]} 4. cxd5 {[%emt 0:00:06]} exd5 {[%emt 0:00:11]} 5. Bg5 {[%emt 0:00:16]} Bb4 {[%emt 0:00:30]} 6. a3 {[%emt 0:05:49]} Bxc3+ {[%emt 0:01:29]} 7. bxc3 {[%emt 0:00:05]} Qd6 {[%emt 0:00:11]} 8. e3 {[%emt 0:06:53]} O-O {[%emt 0:01:20]} 9. Bd3 {[%emt 0:00:47]} Re8 {[%emt 0:01:29]} (9... h6 $11 {keeps the balance.} 10. Bf4 Qc6) 10. Bxf6 {[%emt 0:01:46]} Qxf6 {[%emt 0:00:13]} 11. Qh5 {[%emt 0:00:27]} g6 {[%emt 0:02:34]} 12. Qxd5 {[%emt 0:00:51]} c6 {[%emt 0:00:20]} 13. Qf3 {[%emt 0:00:27]} Qd6 {[%emt 0:01:50]} 14. Ne2 {[%emt 0:04:50]} Nd7 {[%emt 0:01:36]} 15. Bc4 {[%emt 0:05:05]} (15. e4 $18) 15... Nf6 {[%emt 0:00:33]} 16. h3 {[%emt 0:04:09]} Bf5 {[%emt 0:02:47]} 17. O-O {[%emt 0:06:35]} Ne4 {[%emt 0:02:05]} 18. Rfd1 {[%emt 0:04:54]} Rad8 {[%emt 0:02:28]} 19. Bd3 {[%emt 0:11:23]} Ng5 {[%emt 0:02:38]} 20. Qf4 {[%emt 0:04:00]} Bxd3 {[%emt 0:01:48]} 21. Rxd3 {[%emt 0:00:54]} Ne6 {[%emt 0:02:58]} 22. Qxd6 {[%emt 0:02:02]} Rxd6 {[%emt 0:00:09]} 23. Rdd1 {[%emt 0:00:41]} Red8 {[%emt 0:02:55]} 24. Rdb1 {[%emt 0:03:55]} b6 {[%emt 0:01:30]} 25. a4 {[%emt 0:01:06]} f5 {[%emt 0:02:25]} 26. g3 {[%emt 0:05:01]} Ng5 {[%emt 0:01:45]} 27. Kg2 {[%emt 0:00:34]} Ne4 {[%emt 0:00:36]} 28. Rb2 {[%emt 0:02:25]} Rd5 {[%emt 0:01:49]} 29. c4 {[%emt 0:05:06]} Ra5 {[%emt 0:00:11]} 30. f3 {[%emt 0:00:33]} Nd6 {[%emt 0:00:29]} 31. Rc2 {[%emt 0:04:12]} b5 {[%emt 0:01:32]} 32. cxb5 {[%emt 0:00:12]} cxb5 {[%emt 0:01:01]} 33. Rc5 {[%emt 0:03:07]} ({White should play} 33. Kf2 $16) 33... Rb8 $2 {[%emt 0:06:51]} (33... Rxa4 $11 {and Black stays safe.} 34. Rxa4 bxa4) 34. Nc3 {[%emt 0:07:55]} Ra6 {[%emt 0:01:37]} 35. a5 {[%emt 0:00:57]} Nc4 {[%emt 0:02:21]} 36. e4 {[%emt 0:03:45]} Ne3+ {[%emt 0:02:53]} 37. Kf2 {[%emt 0:00:29]} Nc2 {[%emt 0:00:35]} 38. Rd1 {[%emt 0:01:51]} Rxa5 {[%emt 0:05:30]} (38... b4 {was worth a try.}) 39. d5 {[%emt 0:00:43]} Rd8 {[%emt 0:05:05]} 40. e5 {[%emt 0:00:57]} Ra6 {[%emt 0:02:04]} 41. Rxb5 {[%emt 0:03:21]} Ra3 $18 {[%emt 0:03:10]} 42. Rc5 {[%emt 0:00:45]} Nb4 {[%emt 0:01:54]} 43. e6 {[%emt 0:00:53]} Na6 {[%emt 0:03:33]} 44. Rc6 {[%emt 0:00:06]} Nb8 {[%emt 0:02:44]} 45. Rc7 {[%emt 0:00:13]} Ra6 {[%emt 0:03:10]} 46. Nb5 {[%emt 0:01:07]} Ra5 {[%emt 0:03:15]} 47. e7 {[%emt 0:00:55]} Re8 {[%emt 0:00:29]} 48. Nd6 {[%emt 0:00:02]} 1-0

[Event "27th 4NCL Congress Open 2022"]
[Site "Harrogate"]
[Date "2022.01.23"]
[Round "5.21"]
[White "Lampard, Alice"]
[Black "Sheppard, Derek Alan"]
[Result "1/2-1/2"]
[WhiteElo "1754"]
[BlackElo "1692"]
[Annotator "NA RC"]
[PlyCount "34"]
[EventDate "2022.01.21"]
[EventType "swiss"]
[EventCountry "ENG"]
[SourceTitle "playchess.com"]
[Source "ChessBase"]
[SourceQuality "1"]
[TimeControl "5400+30"]

1. d4 {[%emt 0:00:04]} Nf6 {[%emt 0:00:11]} 2. c4 {[%emt 0:00:07]} e6 {[%emt 0:00:36]} 3. Nc3 {[%emt 0:00:17]} Bb4 {[%emt 0:00:10]} 4. Qc2 {[%emt 0:00:14]} Nc6 {[%emt 0:00:12]} 5. Nf3 {[%emt 0:00:48]} O-O {[%emt 0:01:34]} 6. e4 {[%emt 0:01:04]} Bxc3+ {[%emt 0:05:35]} 7. bxc3 {[%emt 0:00:08]} d6 {[%emt 0:01:27]} 8. Be2 {[%emt 0:04:26]} e5 {[%emt 0:00:31]} 9. d5 {[%emt 0:01:31]} Nb8 {[%emt 0:03:28]} 10. h3 {[%emt 0:00:53]} a5 {[%emt 0:02:04]} 11. a4 {[%emt 0:01:02]} Na6 {[%emt 0:00:30]} 12. Be3 {[%emt 0:00:55]} b6 {[%emt 0:00:21]} 13. O-O {[%emt 0:01:25]} Bd7 {[%emt 0:02:46]} 14. Nd2 {[%emt 0:01:43]} Nc5 {[%emt 0:10:15]} 15. Bxc5 {[%emt 0:03:18]} bxc5 {[%emt 0:00:12]} 16. Rfb1 {[%emt 0:00:37]} Ne8 {[%emt 0:06:53]} 17. Nf1 {[%emt 0:14:20]} f5 {[%emt 0:00:53]} 1/2-1/2

[Event "27th 4NCL Congress Open 2022"]
[Site "Harrogate"]
[Date "2022.01.23"]
[Round "5.22"]
[White "Miller, George"]
[Black "Bayford, Jim R"]
[Result "1-0"]
[WhiteElo "1796"]
[BlackElo "2023"]
[Annotator "TA"]
[PlyCount "55"]
[EventDate "2022.01.21"]
[EventType "swiss"]
[EventCountry "ENG"]
[SourceTitle "playchess.com"]
[Source "ChessBase"]
[SourceQuality "1"]

{[%evp 9,55,239,160,159,169,162,192,187,188,127,135,141,146,142,147,141,145,129,142,135,133,108,134,131,139,133,173,173,177,175,182,170,242,225,233,222,1096,1096,1050,1038,1037,1012,1422,1434,1272,1317,1235,912]} 1. e4 e5 2. d4 d6 3. Nf3 Bg4 4. dxe5 dxe5 5. Qxd8+ Kxd8 6. Nxe5 {C41: Philidor Defence.} Be6 7. Bc4 Ke7 {[#]} 8. Be3 $146 {White is clearly better.} ({Predecessor:} 8. Nc3 Bxc4 9. Nxc4 Nc6 10. Nd5+ Kd7 11. Bf4 Re8 12. O-O-O Rxe4 13. Nf6+ Ke6 14. Nxe4 f5 15. Ng5+ Kf6 16. Rd7 Nge7 17. Re1 h6 18. Re6# {1-0 (18) Berner,R-Nolte,V freechess.de 2014}) 8... Nf6 9. Bc5+ (9. Nc3 $18) 9... Ke8 $16 10. Bxf8 Kxf8 11. Bxe6 fxe6 12. Nc3 Ke7 13. Rd1 Nbd7 14. Nxd7 {White is much more active.} Nxd7 15. Ke2 a6 16. Rd2 Rad8 17. Rhd1 g6 18. f4 Rhf8 19. g3 b6 20. b4 Rf6 (20... Nb8 $142 21. Rxd8 Rxd8 22. Rxd8 Kxd8) 21. e5 $18 Rff8 22. Ne4 Rg8 $2 {[#]} (22... h6 23. Rd3 Nb8) 23. Rxd7+ $1 {[%mdl 512] White is clearly winning.} Rxd7 24. Rxd7+ Kxd7 25. Nf6+ Kc6 26. Nxg8 Kb5 27. c3 Kc4 28. Kd2 {Weighted Error Value: White=0.08 (flawless) /Black=0.17 (very precise)} 1-0